I.C.A.R.O. (1927-1947) - Ίκαρος (1948-1987), 60 χρόνια Καλλιτεχνικής Αγγειοπλαστικής Ροδιοανατολικής Τέχνης : ιστορία, έργα, βιωματικές αναφορές των δημιουργών του
Αποθηκεύτηκε σε:
| Κύριος συγγραφέας: | |
|---|---|
| Άλλοι συγγραφείς: | , |
| Μορφή: | Βιβλίο |
| Γλώσσα: | Greek |
| Δημοσίευση: |
Ρόδος :
Αυτοέκδοση,
|
| Θέματα: | |
| Ετικέτες: |
Προσθήκη ετικέτας
Δεν υπάρχουν, Καταχωρήστε ετικέτα πρώτοι!
|
MARC
| LEADER | 00000cam a2200000 a 4500 | ||
|---|---|---|---|
| 001 | 1/122221 | ||
| 008 | 201007s2019####gr | ||| |||| ||gre|| | ||
| 020 | |a 9786180010572 | ||
| 040 | |a GR-MyUa |b gre |c GR-MyUa |e AACR2 | ||
| 041 | 0 | |a gre | |
| 082 | 7 | |a 738.0949587 |2 (23) | |
| 100 | 1 | |a Διακοσάββας, Γιώργος Αλ., |d 1947- | |
| 245 | 1 | 0 | |a I.C.A.R.O. (1927-1947) - Ίκαρος (1948-1987), 60 χρόνια Καλλιτεχνικής Αγγειοπλαστικής Ροδιοανατολικής Τέχνης : |b ιστορία, έργα, βιωματικές αναφορές των δημιουργών του / |c Γιώργος Αλ. Διακοσάββας ; επιμέλεια : Εμμανουέλα Γ. Διακοσάββα, Αλέξανδρος Αλ. Διακοσάββας. |
| 260 | |a Ρόδος : |b Αυτοέκδοση, | ||
| 300 | |a 600 σ. : |b εικ., φωτ. ; |c 24 εκ. | ||
| 504 | |a Βιβλιογραφία: σ. 593-599. | ||
| 650 | 0 | |a Pottery, Greek |z Greece |z Rhodes (Island) | |
| 651 | 0 | |a Rhodes (Greece : Island) |x Civilization. | |
| 700 | 1 | |a Διακοσάββα, Εμμανουέλα Γ. |e edtf | |
| 700 | 1 | |a Διακοσάββας, Αλέξανδρος Γ. |e edt | |
| 852 | |a INST |b RHODES |e 20201007 |h 738.0949587 ΔΙΑ |p 005400041739 |q 005400041739 |t BK |y 0 | ||
| 920 | |a Δωρεά βιβλιοθήκης |y Ρόδος |z 2020-09 | ||
| 970 | |a Μαρία |b Κωτάκου |z 07-10-2020 | ||